| 000 | 00419nam a22001697a 4500 | ||
|---|---|---|---|
| 005 | 20230117105849.0 | ||
| 008 | 220215b ||||| |||| 00| 0 eng d | ||
| 020 | _a8176483370 | ||
| 041 | _aeng | ||
| 082 |
_a615.5 _bNAN-A |
||
| 100 |
_aNANGIA ,DR, K.B _97115 |
||
| 245 | _aALTERNATE MEDICINE | ||
| 260 |
_aNEW DELHI _bA.P.H PUBLICATION _c2002 |
||
| 300 | _a386;P. | ||
| 650 |
_aPHARMACY _xB.PHARMA _97083 |
||
| 942 | _cBK | ||
| 999 |
_c7942 _d7940 |
||